Panorama de la Educación Superior en Chile 2014.
Guardat en:
| Autor corporatiu: | |
|---|---|
| Format: | Llibre |
| Publicat: |
Santiago, Chile:
Ministerio de Educación,
2014.
|
| Matèries: | |
| Accés en línia: | Disponible Online - Biblioteca Digital Mineduc |
| Etiquetes: |
Afegir etiqueta
Sense etiquetes, Sigues el primer a etiquetar aquest registre!
|
MARC
| LEADER | 00000nam a22000007a 4500 | ||
|---|---|---|---|
| 003 | CL-VaPUC | ||
| 005 | 20240724103644.0 | ||
| 008 | 231005t2014 ||||| |||| 00| 0 eng d | ||
| 999 | |c 442002 |d 442000 | ||
| 040 | |c Pontificia Universidad Católica de Valparaíso | ||
| 082 | 0 | 4 | |2 21 |a 378.83 SER 2014 |
| 110 | 1 | |a Servicio de Información de Educación Superior |9 884944 |e autor | |
| 245 | 1 | 0 | |a Panorama de la Educación Superior en Chile 2014. |
| 260 | |a Santiago, Chile: |b Ministerio de Educación, |c 2014. | ||
| 300 | |a 111 páginas. | ||
| 500 | |a c.1 Donación Rectoria 2022. | ||
| 583 | |c 20231005 |k Catalogador Asistente | ||
| 650 | 1 | 0 | |a Educación superior |z Chile |9 856739 |
| 856 | |u https://bibliotecadigital.mineduc.cl/handle/20.500.12365/1957 |y Disponible Online - Biblioteca Digital Mineduc | ||
| 942 | |2 ddc |c BK | ||
| 952 | |0 0 |1 0 |2 ddc |4 0 |6 378_830000000000000_SER_2014 |7 0 |8 ED_SUP |9 591877 |a BIBGIM |b BIBGIM |c S_PSTGRDO |d 2023-10-05 |e Donación |i 5658979 |o 378.83 SER 2014 |p 5658979 |r 2025-01-15 |t 1 |w 2023-10-05 |y BK |k ESU | ||